000 00508nam a2200157 i 4500
001 51514
003 ES-MaACL
005 20230906162357.0
007 t|
008 030813s1953 sp ||||1| spa d
100 1 _aDalmau, Delfí (
_d1891-1965)
_942512
245 1 0 _aTaquigrafía internacional Dalmau
_b: comercial, periodística, parlamentaria : libro del alumno /
_cDalmau.
260 _aBarcelona :
_b[s.n.],
_c1953 (
_fTip. Studium)
300 _a80 p. ;
_c22 cm.
852 _aES-MaACL
_j1970-F-6
_bR.36736
999 _c51514
_d51514